Love and wisdom : (Record no. 55307)

MARC details
000 -LEADER
fixed length control field 01906naa a2200289 4500
005 - DATE AND TIME OF LATEST TRANSACTION
control field 20110810145620.0
010 ## - LCCN (DPL NO)
LC control number ENG-103340 B-459127-131
020 ## - INTERNATIONAL STANDARD BOOK NUMBER
Terms of availability 300.00
International Standard Book Number 9788175414532
035 ## - SYSTEM CONTROL NUMBER
System control number EN-86873 B-459127-131
037 ## - SOURCE OF ACQUISITION
Source of stock number/acquisition DBAD/PUB
037 ## - SOURCE OF ACQUISITION
Source of stock number/acquisition Allied Pub/Ven
082 ## - DEWEY DECIMAL CLASSIFICATION NUMBER
Classification number 181.112
100 ## - MAIN ENTRY--PERSONAL NAME
Personal name Korab -Karpowicz, W.Julian
245 1# - TITLE STATEMENT
Title Love and wisdom :
Statement of responsibility, etc W.Julian Korab -Karpowicz
Remainder of title towards a new philosophy of life /
260 ## - PUBLICATION, DISTRIBUTION, ETC. (IMPRINT)
Place of publication, distribution, etc New Delhi
Name of publisher, distributor, etc Shipra Publications
Date of publication, distribution, etc 2011
270 ## - ADDRESS
Address LG-18.19, Pankaj Central Market, Patpar Ganj
City New Delhi
Postal code 110092
300 ## - PHYSICAL DESCRIPTION
Extent xvi,125p.
Dimensions 22cm(Hb)
700 1# - ADDED ENTRY--PERSONAL NAME
9 (RLIN) 25924
942 ## - ADDED ENTRY ELEMENTS (KOHA)
Institution code [OBSOLETE] dpl
Item type English Books
Source of classification or shelving scheme Dewey Decimal Classification
Call number suffix KOR
Classification part 181.112
Holdings
Withdrawn status Lost status Not for loan Collection code Home library Current library Date acquired Source of acquisition Cost, normal purchase price Full call number Barcode Copy number Cost, replacement price Koha item type
      Non-fiction Central Library Central Library 17/05/2012 Allied Pub/1786/25.01.2012/27/18.01.2012/06.02.2012 300.00 181.112 KOR B-459127 1 300.00 English Books
      Non-fiction D.B.Act.Division D.B.Act.Division 11/08/2011 DBAD/PUB 300.00 181.112KAR EN-86873 1 300.00 English Books
      Non-fiction Karol Bagh Karol Bagh 17/05/2012 Allied Pub/1786/25.01.2012/27/18.01.2012/06.02.2012 300.00 181.112 KOR B-459130 1 300.00 English Books
      Non-fiction Patel Nagar Patel Nagar 17/05/2012 Allied Pub/1786/25.01.2012/27/18.01.2012/06.02.2012 300.00 181.112 KOR B-459128 1 300.00 English Books
  Written-off vide DLB M. No. 383 dt 16.05.19   Non-fiction Sarojini Nagar Sarojini Nagar 17/05/2012 Allied Pub/1786/25.01.2012/27/18.01.2012/06.02.2012 300.00 181.112 KOR B-459129 1 300.00 English Books
      Non-fiction Shahdara Branch Shahdara Branch 17/05/2012 Allied Pub/1786/25.01.2012/27/18.01.2012/06.02.2012 300.00 181.112 KOR B-459131 1 300.00 English Books

© Delhi Public Library
Hit Counter
free hit counter